[Event "Madurai Athens of the East op-C 4th"]
[Site "Madurai"]
[Date "2024.12.30"]
[Round "9"]
[White "Saurabh, Lokhande"]
[Black "Chandra, Prakash Sankar"]
[Result "1-0"]
[WhiteElo "1799"]
[BlackElo "1702"]
[PlyCount "86"]
[EventDate "2024.12.28"]
[EventType "swiss"]
[EventRounds "9"]
[EventCountry "IND"]
[SourceTitle "CB02_2025"]
[SourceDate "2025.01.08"]
[SourceVersion "1"]
[SourceVersionDate "2025.01.08"]
[SourceQuality "1"]

1. e4 d6 2. d4 g6 3. f4 Bg7 4. Nf3 Bg4 5. c3 e5 6. dxe5 Bxf3 7. Qxf3 dxe5 8. Bc4 Nc6 9. 0-0 Qe7 10. Bd5 Nf6 11. Bxc6+ bxc6 12. f5 h6 13. b3 Qc5+ 14. Kh1 g5 15. Ba3 Qb6 16. Nd2 Bf8 17. Nc4 Qb5 18. Bb2 Bd6 19. Rfd1 Rd8 20. Rd2 Ke7 21. Rad1 a5 22. Na3 Qb7 23. c4 Qb4 24. Nc2 Qc5 25. h3 g4 26. hxg4 Rhg8 27. Ne3 Rg5 28. a3 Rdg8 29. b4 axb4 30. axb4 Qxb4 31. Rxd6 cxd6 32. Ba3 Qxa3 33. Nd5+ cxd5 34. Qxa3 Nxe4 35. Rxd5 Rxg4 36. Ra5 Rxg2 37. Rxe5+ Kf6 38. Rxe4 R8g5 39. Qxd6+ Kg7 40. Qd4+ Kh7 41. Re8 Rg7 42. f6 R7g6 43. Qa7 R2g4 1-0

[Event "Madurai Athens of the East op-C 4th"]
[Site "Madurai"]
[Date "2024.12.29"]
[Round "6"]
[White "Nirmal, L."]
[Black "Saurabh, Lokhande"]
[Result "1-0"]
[WhiteElo "1714"]
[BlackElo "1799"]
[PlyCount "97"]
[EventDate "2024.12.28"]
[EventType "swiss"]
[EventRounds "9"]
[EventCountry "IND"]
[SourceTitle "CB02_2025"]
[SourceDate "2025.01.08"]
[SourceVersion "1"]
[SourceVersionDate "2025.01.08"]
[SourceQuality "1"]

1. e4 d5 2. exd5 Qxd5 3. Nf3 Nf6 4. Nc3 Qd6 5. h3 a6 6. Bd3 Nbd7 7. b3 Nc5 8. Be2 b5 9. 0-0 b4 10. Na4 Nxa4 11. bxa4 Bb7 12. Bb2 e6 13. a3 a5 14. Be5 Qd7 15. axb4 axb4 16. c3 Bd5 17. c4 Bc6 18. Nd4 Ra5 19. Nxc6 Qxc6 20. d4 Be7 21. c5 0-0 22. Bb5 Qb7 23. Qb3 Rfa8 24. Rfb1 Nd5 25. Bc4 Rb8 26. Bxd5 exd5 27. Qg3 g6 28. Bxc7 Bh4 29. Qh2 Rba8 30. Bxa5 Rxa5 31. Qf4 Be7 32. Rb3 Ra6 33. Qd2 Bf6 34. Qxb4 Qd7 35. a5 Kg7 36. Qb5 Qa7 37. Ra4 Re6 38. Re3 Rxe3 39. fxe3 Qc7 40. Qe2 Bg5 41. a6 Qa7 42. Ra3 h5 43. Qf3 Kh6 44. Qxd5 Qb8 45. a7 Qb1+ 46. Kh2 Qc1 47. a8Q Bf4+ 48. exf4 Qxf4+ 49. Rg3 1-0

[Event "Madurai Athens of the East op-C 4th"]
[Site "Madurai"]
[Date "2024.12.28"]
[Round "2"]
[White "Dipti, Ranjan Nayak"]
[Black "Saurabh, Lokhande"]
[Result "0-1"]
[WhiteElo "1589"]
[BlackElo "1799"]
[PlyCount "113"]
[EventDate "2024.12.28"]
[EventType "swiss"]
[EventRounds "9"]
[EventCountry "IND"]
[SourceTitle "CB02_2025"]
[SourceDate "2025.01.08"]
[SourceVersion "1"]
[SourceVersionDate "2025.01.08"]
[SourceQuality "1"]

1. d4 Nf6 2. Nf3 e6 3. c4 b6 4. g3 Bb7 5. Bg2 Bb4+ 6. Bd2 Qe7 7. a3 Bxd2+ 8. Nbxd2 d6 9. Qc2 Nbd7 10. 0-0 0-0 11. b4 c5 12. e3 Rfc8 13. Rfc1 d5 14. Qb3 dxc4 15. Nxc4 cxd4 16. Nxd4 Bxg2 17. Kxg2 Ne4 18. Qd3 Nd6 19. Nf3 Nxc4 20. Rxc4 Nf8 21. Rac1 Rxc4 22. Qxc4 Rd8 23. Nd4 h6 24. Kg1 Qf6 25. Qc7 Rd7 26. Qb8 e5 27. Rc6 Qe7 28. Nf5 Rd1+ 29. Kg2 Qd7 30. Rd6 Rxd6 31. Nxd6 g5 32. e4 h5 33. b5 h4 34. h3 hxg3 35. Kxg3 f6 36. a4 Qe7 37. f3 Kh7 38. Nc8 Qc5 39. Qb7+ Kh6 40. Kg4 Qe3 41. h4 Qf4+ 42. Kh3 Qxf3+ 43. Kh2 Qf2+ 44. Kh1 Qf1+ 45. Kh2 gxh4 46. Ne7 Qf2+ 47. Kh1 h3 48. Ng8+ Kh5 49. Qf7+ Kh4 50. Qxf6+ Qxf6 51. Nxf6 Kg5 52. Nd5 Ne6 53. Kh2 Kh4 54. Ne3 Nd4 55. Nc4 Nf3+ 56. Kh1 Kg3 57. Nxb6 0-1

[Event "Madurai Athens of the East op-C 4th"]
[Site "Madurai"]
[Date "2024.12.28"]
[Round "3"]
[White "Saurabh, Lokhande"]
[Black "Sibi, Mathew"]
[Result "1/2-1/2"]
[WhiteElo "1799"]
[BlackElo "1653"]
[PlyCount "115"]
[EventDate "2024.12.28"]
[EventType "swiss"]
[EventRounds "9"]
[EventCountry "IND"]
[SourceTitle "CB02_2025"]
[SourceDate "2025.01.08"]
[SourceVersion "1"]
[SourceVersionDate "2025.01.08"]
[SourceQuality "1"]

1. e4 b6 2. d4 Bb7 3. Nc3 e6 4. Nf3 Bb4 5. Bd3 Nf6 6. Qe2 d5 7. e5 Ne4 8. Bd2 Nxd2 9. Qxd2 c5 10. a3 Ba5 11. b4 cxb4 12. Nb5 bxa3 13. c3 0-0 14. 0-0 Ba6 15. Rxa3 Bxb5 16. Bxb5 Qe7 17. Rb3 Rc8 18. h4 Nd7 19. Bd3 Nf8 20. g4 Rc7 21. Bb1 Rac8 22. Rc1 Rc6 23. Qd3 R8c7 24. Kf1 Rc4 25. h5 Qd8 26. Ke2 Qc8 27. Kd2 b5 28. Ng5 b4 29. h6 Rxc3 30. Rcxc3 Rxc3 31. Rxc3 Qxc3+ 32. Qxc3 bxc3+ 33. Kd3 gxh6 34. Nh3 Nd7 35. Nf4 Nb6 36. Ne2 Na4 37. f3 Nb2+ 38. Kc2 Nc4 39. Ba2 Nb6 40. Nxc3 Bxc3 41. Kxc3 a5 42. Bb3 Kg7 43. Ba2 f5 44. exf6+ Kxf6 45. Bb1 e5 46. Bxh7 exd4+ 47. Kxd4 a4 48. Bc2 a3 49. Bb3 Kg5 50. Kc5 Kf4 51. Kxb6 d4 52. Kc5 d3 53. Kb4 Kxf3 54. Kxa3 Kxg4 55. Bd1+ Kg3 56. Kb3 Kf2 57. Kc3 Ke1 58. Kxd3 1/2-1/2

[Event "Mumbai Accurate op"]
[Site "Mumbai"]
[Date "2023.10.05"]
[Round "7"]
[White "Saurabh, Lokhande"]
[Black "Elesh, Tripathi"]
[Result "1-0"]
[WhiteElo "1689"]
[BlackElo "1362"]
[PlyCount "59"]
[EventDate "2023.09.29"]
[EventType "swiss"]
[EventRounds "7"]
[EventCountry "IND"]
[SourceTitle "CBM 216 Extra"]
[Source "ChessBase"]
[SourceDate "2023.11.30"]
[SourceVersion "1"]
[SourceVersionDate "2023.11.30"]
[SourceQuality "1"]

1. e4 d5 2. exd5 Qxd5 3. Nc3 Qd8 4. Bc4 Nf6 5. Nf3 g6 6. Ne5 e6 7. d4 Bg7 8. Bg5 c6 9. Qf3 Nbd7 10. 0-0-0 Qa5 11. Ne4 Nxe5 12. Nxf6+ Kf8 13. dxe5 h6 14. Nd7+ Kg8 15. Bf6 Bxd7 16. Rxd7 Bxf6 17. Qxf6 Rh7 18. Rhd1 Rg7 19. Bxe6 Rf8 20. Bb3 Kh7 21. f4 Qb6 22. e6 Qe3+ 23. Kb1 Rfg8 24. Rxf7 Rxf7 25. exf7 Rf8 26. f5 gxf5 27. Qxf5+ Kg7 28. Qg4+ Kh7 29. Qg8+ Rxg8 30. fxg8Q# 1-0